Most Points at the Rugby World Cup All-Time - Statistics

General Stats
  • This quiz has been taken 53 times
  • The average score is 22 of 25
Answer Stats
N Country PF PA PD % Correct
3 France 1,572 904 +691
100%
1 New Zealand 2,442 679 +1,763
100%
5 South Africa 1,512 551 +916
100%
2 Australia 1,622 654 +968
98%
4 England 1,569 783 +786
98%
6 Ireland 1,108 735 +373
98%
9 Wales 1,038 865 +173
98%
8 Scotland 1,064 688 +376
96%
7 Argentina 1,098 839 +259
94%
13 Italy 629 977 -348
94%
12 Japan 644 1,347 -703
94%
14 Tonga 472 966 -494
94%
10 Fiji 732 949 -239
90%
11 Samoa 711 860 -239
90%
16 United States 402 1,039 -637
88%
20 Uruguay 188 718 -530
88%
19 Namibia 248 1,328 -1,075
86%
23 Portugal 38 209 -171
86%
15 Canada 427 933 -506
84%
17 Romania 365 1,068 -703
82%
25 Spain 18 122 -104
80%
18 Georgia 252 646 -384
78%
22 Russia 76 356 -280
76%
21 Zimbabwe 83 309 -226
53%
24 Ivory Coast 29 172 -143
33%
No matching quizzes found
Score Distribution
Percent of People with Each Score
Percentile by Number Answered
Your Score History
You have not taken this quiz